Carpathian Mountains Countries - Statistics

General Stats
  • This quiz has been taken 785 times
    105 since last reset
  • The average score is 8 of 8
Answer Stats
Country % Correct
Slovakia
100%
Hungary
99%
Romania
99%
Ukraine
97%
Czech Republic
96%
Serbia
93%
Austria
92%
Poland
87%
No matching quizzes found
Score Distribution
Percent of People with Each Score
Percentile by Number Answered
Your Score History
You have not taken this quiz since the last reset